[Event "London Classic Open 2015"]
[Site "London ENG"]
[Date "2015.12.09"]
[Round "7.27"]
[White "Ronka, Erik"]
[Black "Sagar, Shah"]
[Result "1/2-1/2"]
[BlackTitle "IM"]
[WhiteElo "2248"]
[BlackElo "2441"]
[WhiteFideId "505080"]
[BlackFideId "5022509"]
[EventDate "2015.12.04"]

1. d4 Nf6 2. c4 e6 3. Nc3 Bb4 4. a3 Bxc3+ 5. bxc3 c5 6. e3 Nc6 7. Bd3 O-O 8. Ne2
b6 9. e4 Ne8 10. O-O Ba6 11. f4 f5 12. exf5 exf5 13. dxc5 bxc5 14. Be3 d6 15.
Rb1 Qe7 16. Bf2 g6 17. Re1 Qf7 18. Qa4 Bb7 19. Bh4 Rc8 20. Ng3 Ba8 21. Nf1 Qg7
22. Qc2 Nf6 23. Ne3 Ne7 24. Qa4 Rc7 25. Qa6 Nc8 26. Rb8 Bc6 27. Rb2 Ne4 28. Bxe4
Bxe4 29. Qa5 h6 30. Rd2 Rb7 31. Red1 Rb3 32. Rc1 Qb7 33. Nd5 Bxd5 34. cxd5 Re8
35. c4 Nb6 36. Rdd1 Re4 37. Re1 Qg7 38. Bf2 Rb2 39. Rxe4 fxe4 40. Qe1 Qe7 41.
Bh4 Qe8 42. Qc3 Na4 43. Qf6 Rb6 44. Re1 e3 45. f5 Kh7 46. fxg6+ Qxg6 47. Qe7+
Qg7 48. Qe4+ Qg6 49. Qe7+ Qg7 50. Rxe3 Rb1+ 51. Kf2 Rb2+ 52. Kf3 Rc2 53. Qe4+
Qg6 54. Qe7+ Qg7 55. Qxg7+ Kxg7 56. Re7+ Kg8 57. Rxa7 Rxc4 58. Bg3 Nc3 59. Bxd6
Nxd5 60. a4 Nc3 61. Ra8+ Kf7 62. a5 Nb5 63. Bf4 Nd4+ 64. Kf2 Rc2+ 65. Ke3 Rxg2
66. Kd3 1/2-1/2

[Event "London Classic Open 2015"]
[Site "London ENG"]
[Date "2015.12.09"]
[Round "7.28"]
[White "Lahtela, Silvo"]
[Black "Wegerle, Joerg"]
[Result "0-1"]
[BlackTitle "IM"]
[WhiteElo "2236"]
[BlackElo "2440"]
[WhiteFideId "4634276"]
[BlackFideId "4644743"]
[EventDate "2015.12.04"]

1. d4 d5 2. c4 e6 3. Nc3 Be7 4. cxd5 exd5 5. Bf4 c6 6. e3 Bf5 7. Nge2 Nd7 8. h3
Ngf6 9. Ng3 Be6 10. Bd3 Nf8 11. Nf5 Bxf5 12. Bxf5 g6 13. Bd3 Ne6 14. Be5 Bd6 15.
f4 Bxe5 16. fxe5 Nh5 17. O-O Qg5 18. Rf3 O-O 19. Kh2 f6 20. exf6 Rxf6 21. Rxf6
Nxf6 22. Qf3 Rf8 23. Re1 Nh5 24. Qg4 Qxg4 25. hxg4 Nf6 26. Kg3 Kg7 27. b4 Re8
28. Re2 Kh6 29. Kh4 Ng5 30. Re1 Re7 31. Re2 Nf7 32. Re1 Kg7 33. g5 Ne8 34. e4
Nc7 35. Re2 Rd7 36. Rd2 Ne6 37. exd5 cxd5 38. Bb5 Rd6 39. Ba4 Nfxg5 40. Re2 h6
41. Re5 Nxd4 42. Kg3 Nf5+ 43. Kf2 d4 44. Nb5 Ra6 45. Bb3 Rb6 46. Rd5 Ne4+ 47.
Kg1 Nc3 48. Rd7+ Kf6 49. Nxa7 Rxb4 50. Nc8 Ne4 51. g4 Ne3 52. Ne7 Nc5 53. g5+
hxg5 54. Ng8+ Ke5 55. Re7+ Kf4 56. Kf2 0-1

[Event "London Classic Open 2015"]
[Site "London ENG"]
[Date "2015.12.09"]
[Round "7.29"]
[White "Peiris, T G M"]
[Black "Koop, Thorben"]
[Result "0-1"]
[BlackTitle "FM"]
[WhiteElo "2099"]
[BlackElo "2418"]
[WhiteFideId "9901310"]
[BlackFideId "24661619"]
[EventDate "2015.12.04"]

1. e4 d6 2. d4 Nf6 3. Nc3 Nbd7 4. Nf3 e5 5. Bc4 Be7 6. O-O O-O 7. a4 c6 8. Re1
Qc7 9. Bf1 Re8 10. h3 b6 11. Bg5 Bb7 12. Qd2 a6 13. Rad1 b5 14. axb5 axb5 15. b3
Bf8 16. dxe5 dxe5 17. Bd3 h6 18. Bh4 Bb4 19. Nxb5 Qa5 20. c3 Bf8 21. b4 Qb6 22.
c4 cxb5 23. c5 Qc6 24. Qe2 Ba6 25. Nd2 Qe6 26. f3 Nh5 27. Bxb5 Nf4 28. Qc4 Bxb5
29. Qxb5 Reb8 30. Qc4 Rxb4 31. Qxe6 Bxc5+ 0-1

[Event "London Classic Open 2015"]
[Site "London ENG"]
[Date "2015.12.09"]
[Round "7.30"]
[White "Gross, Willi"]
[Black "Houska, Jovanka"]
[Result "0-1"]
[BlackTitle "IM"]
[WhiteElo "2095"]
[BlackElo "2409"]
[WhiteFideId "1270470"]
[BlackFideId "405094"]
[EventDate "2015.12.04"]

1. d4 d5 2. c4 e6 3. Nc3 Nf6 4. cxd5 exd5 5. Bg5 c6 6. e3 Be7 7. Bd3 Nbd7 8. Qc2
O-O 9. Nf3 Re8 10. O-O Nf8 11. Rab1 Ng6 12. b4 Ne4 13. Bxe7 Qxe7 14. b5 Bg4 15.
Nd2 Nxd2 16. Qxd2 Nh4 17. Be2 Bh3 18. g3 Bxf1 19. Kxf1 Nf5 20. bxc6 bxc6 21. Bd3
Qf6 22. Kg1 Rab8 23. Qc2 Rxb1+ 24. Qxb1 g6 25. Qb7 Nxe3 0-1

[Event "London Classic Open 2015"]
[Site "London ENG"]
[Date "2015.12.09"]
[Round "7.31"]
[White "Korley, Kassa"]
[Black "Roe, Simon J"]
[Result "1-0"]
[WhiteTitle "IM"]
[WhiteElo "2389"]
[BlackElo "2254"]
[WhiteFideId "2033801"]
[BlackFideId "401471"]
[EventDate "2015.12.04"]

1. d4 Nf6 2. Nf3 c5 3. e3 e6 4. c4 d5 5. Nc3 Nc6 6. a3 cxd4 7. exd4 Be7 8. Bf4
O-O 9. Rc1 Re8 10. Bd3 dxc4 11. Bxc4 Nd5 12. Bg3 Nxc3 13. Rxc3 Bf6 14. Rd3 b5
15. Ba2 Qa5+ 16. Qd2 Qxd2+ 17. Kxd2 Ne7 18. Be5 Bb7 19. Bxf6 gxf6 20. Rc1 Nd5
21. Bxd5 Bxd5 22. Ne1 Red8 23. Ke3 Rd7 24. Rdc3 Rad8 25. Rc8 Rxc8 26. Rxc8+ Kg7
27. g3 e5 28. dxe5 fxe5 29. Nd3 f6 30. Nc5 Re7 31. b4 Kf7 32. Rh8 Kg6 33. Rd8
Bc4 34. Rd6 Kf7 35. g4 Rc7 36. Ra6 Bd5 37. Rd6 Bc4 38. Ke4 Ke7 39. Ra6 Bf7 40.
f4 exf4 41. Kxf4 Bg6 42. h4 Bf7 43. g5 fxg5+ 44. hxg5 Bd5 45. Ke5 Bf7 46. Ne4
Kf8 47. Ra5 Re7+ 48. Kf4 Bg6 49. Nd6 Bd3 50. Nxb5 Re4+ 51. Kf3 Re5 52. Nxa7 Rxa5
53. bxa5 Ke8 54. Nc6 Bb5 55. Nd4 Bf1 56. Ke4 Kd7 57. Kd5 Kc7 58. Kc5 Kb7 59. Kb4
Bd3 60. a4 Be4 61. Ne6 Bc2 62. Nc5+ Ka7 63. Kb5 Bd1 64. Kb4 Bc2 65. Ne6 Bd1 66.
Kb5 Bc2 67. Nf4 Bf5 68. Nd5 Bd7+ 69. Kb4 Bf5 70. Nc3 Ka6 71. Nb5 Bc2 72. Nc7+
Kb7 73. Ne6 Bf5 74. Nd4 Bd3 75. Ne6 Bf5 76. Nc5+ Ka7 77. Kb5 Bc2 78. Kc6 Bd1 79.
Kd6 Kb8 80. Ke7 Ka7 81. Kf6 Bc2 82. Kg7 Bf5 83. Kh8 Ka8 84. Kg7 Ka7 85. Kf6 Bc2
86. Kf7 Bf5 87. Kf6 Bc2 88. Ke6 Bd1 89. Kd6 Bc2 90. Kc6 Bd1 91. Kb5 Bc2 92. Nd7
Bd3+ 93. Kb4 Bc2 94. Ne5 Be4 95. Kb5 Bc2 96. Nc6+ Ka8 97. a6 Be4 98. Kb6 Bc2 99.
a5 Be4 100. a7 Bg2 101. Nb4 1-0

[Event "London Classic Open 2015"]
[Site "London ENG"]
[Date "2015.12.09"]
[Round "7.32"]
[White "Tania, Sachdev"]
[Black "Bukojemski, Adam"]
[Result "1/2-1/2"]
[WhiteTitle "IM"]
[WhiteElo "2357"]
[BlackElo "2243"]
[WhiteFideId "5007844"]
[BlackFideId "1114620"]
[EventDate "2015.12.04"]

1. d4 Nf6 2. c4 g6 3. Nc3 Bg7 4. e4 O-O 5. f3 c6 6. Nge2 d5 7. e5 Ne8 8. cxd5
cxd5 9. Nf4 Nc7 10. Qb3 Nc6 11. Be3 b6 12. a3 Bb7 13. h4 Na5 14. Qc2 f6 15. exf6
Rxf6 16. O-O-O Bh6 17. g3 Ne6 18. h5 g5 19. Nxe6 Rxe6 20. Bf2 Qf8 21. Bg2 Rc8
22. Kb1 Rec6 23. Bh3 R8c7 24. Qd3 e6 25. Na2 Nc4 26. Nb4 Rd6 27. Rhe1 Bc8 28.
Bg4 a5 29. Na2 b5 30. Rc1 b4 31. axb4 axb4 32. b3 Rdc6 33. bxc4 dxc4 34. Qe2 Bg7
35. h6 Bf6 36. d5 exd5 37. Qe8 Bxg4 38. fxg4 Ra6 39. Qxf8+ Kxf8 40. Nxb4 Rb7 41.
Bc5+ Kf7 42. Kc2 Ra5 43. Bd6 Rab5 44. Rb1 d4 45. Rf1 d3+ 46. Kd2 c3+ 47. Kc1 Rd7
48. Bf8 Kxf8 49. Rxf6+ Ke8 50. Nxd3 Rxb1+ 51. Kxb1 Rxd3 52. Rf5 Rxg3 53. Rxg5
Rh3 54. Rg8+ Kf7 55. Rg7+ Kf6 56. g5+ Kf5 57. Kc2 Rh5 58. Kxc3 Rxg5 59. Rxh7 Kg6
60. Rg7+ Kxh6 61. Rxg5 Kxg5 1/2-1/2

[Event "London Classic Open 2015"]
[Site "London ENG"]
[Date "2015.12.09"]
[Round "7.33"]
[White "Kjartansson, Gudmundur"]
[Black "Guthrie, David"]
[Result "1-0"]
[WhiteTitle "IM"]
[WhiteElo "2477"]
[BlackElo "2198"]
[WhiteFideId "2301318"]
[BlackFideId "4300505"]
[EventDate "2015.12.04"]

1. c4 Nf6 2. Nc3 g6 3. d4 Bg7 4. e4 d6 5. Nf3 O-O 6. Be2 e5 7. O-O Nc6 8. d5 Ne7
9. Ne1 Nd7 10. Be3 f5 11. f3 f4 12. Bf2 g5 13. Rc1 Ng6 14. Nd3 Nf6 15. c5 Rf7
16. Kh1 h5 17. Nb5 g4 18. cxd6 cxd6 19. Qc2 g3 20. Nc7 Nh7 21. Nxa8 Bd7 22. hxg3
fxg3 23. Bxg3 Qxa8 24. f4 h4 25. Bh2 exf4 26. Bh5 Rf6 27. Bxg6 Rxg6 28. Nxf4 Rg4
29. Ne6 Qe8 30. Nxg7 Rxg7 31. e5 h3 32. gxh3 Qh5 33. Qc8+ Be8 34. Qe6+ Bf7 35.
Rc8+ Nf8 36. Rxf8+ Kxf8 37. Qc8+ Ke7 38. exd6# 1-0

[Event "London Classic Open 2015"]
[Site "London ENG"]
[Date "2015.12.09"]
[Round "7.34"]
[White "Andersen, Mads"]
[Black "Motycakova, Monika"]
[Result "1-0"]
[WhiteTitle "IM"]
[BlackTitle "WFM"]
[WhiteElo "2474"]
[BlackElo "2185"]
[WhiteFideId "1413864"]
[BlackFideId "14909626"]
[EventDate "2015.12.04"]

1. Nf3 d5 2. g3 c6 3. c4 Nf6 4. Bg2 Bg4 5. Ne5 Bf5 6. cxd5 cxd5 7. Nc3 e6 8.
Qa4+ Nbd7 9. g4 Bg6 10. h4 Bc2 11. Nxf7 Bxa4 12. Nxd8 Rxd8 13. Nxa4 Nxg4 14. Bh3
Nge5 15. Bxe6 d4 16. b3 b5 17. Nb2 Ba3 18. f4 Nc5 19. Bh3 Ng6 20. Nd1 Bb4 21. a3
Nxb3 22. Rb1 Nxc1 23. axb4 Nxe2 24. Kxe2 Nxf4+ 25. Kf2 O-O 26. Bg4 Rd6 27. Rb3
Nd3+ 28. Kg3 Ne5 29. Re1 Nxg4 30. Kxg4 d3 31. Re5 Rd4+ 32. Kg3 Rff4 33. Nf2 Rxh4
34. Rxb5 h5 35. Rxd3 Rxb4 36. Rxb4 Rxb4 37. Ra3 Rd4 38. d3 Rd7 39. Ne4 Kf7 40.
Kf4 g6 41. Nc5 g5+ 42. Ke5 Re7+ 43. Kf5 g4 44. d4 Ke8 45. Ne4 Kd8 46. Nf6 Rb7
47. Nxh5 Rb5+ 48. Kxg4 Rb4 49. Rd3 a5 50. Kf4 a4 51. Ke4 1-0

[Event "London Classic Open 2015"]
[Site "London ENG"]
[Date "2015.12.09"]
[Round "7.35"]
[White "D'Costa, Lorin A R"]
[Black "Foo, Zhi Rong Benjamin"]
[Result "1-0"]
[WhiteTitle "IM"]
[WhiteElo "2418"]
[BlackElo "2183"]
[WhiteFideId "409219"]
[BlackFideId "5801664"]
[EventDate "2015.12.04"]

1. c4 Nf6 2. g3 d5 3. cxd5 Nxd5 4. Bg2 g6 5. Nc3 c6 6. Qb3 Nb6 7. d3 Be6 8. Qa3
Bg7 9. Nf3 h6 10. O-O Na6 11. Bf4 g5 12. Be3 g4 13. Nd2 Qd6 14. Qa5 Qb4 15. Qxb4
Nxb4 16. Bc5 Na6 17. Ba3 Rd8 18. Rfc1 h5 19. Nde4 Bd4 20. Nd1 Bd5 21. Nc5 Bxg2
22. Kxg2 Nxc5 23. Bxc5 e5 24. Rab1 Nd5 25. b4 Bxc5 26. Rxc5 Kd7 27. Ra5 Kc7 28.
Rxa7 Ra8 29. Rxa8 Rxa8 30. e4 Nb6 31. Nc3 Na4 32. Ne2 Nb6 33. Nc1 Nd7 34. Kf1
Nf8 35. f4 f6 36. f5 Nh7 37. Kf2 Ng5 38. Ke3 Nf3 39. Rb2 Kb6 40. Nb3 Rd8 41. a4
Ka7 42. Nc5 Nd4 43. Ne6 Rd7 44. Kd2 Nxe6 45. fxe6 Re7 46. Kc3 Rxe6 47. Rf2 Kb6
48. Kc4 Kc7 49. Rf5 h4 50. gxh4 Re7 51. Rxf6 Rh7 52. Re6 Rxh4 53. Rxe5 Rxh2 54.
Rg5 Rg2 55. a5 g3 56. Rg7+ Kc8 57. Kc5 Rg1 58. Kb6 g2 59. Rg8+ Kd7 60. Kxb7 Rb1
61. Rg7+ Kd6 62. Rg6+ Kd7 63. Rxg2 Rxb4+ 64. Ka7 Rb3 65. Rg3 c5 66. a6 Kc6 67.
Ka8 Kd7 68. Rg5 Kc6 69. Rd5 Rb1 70. Ka7 Rb2 71. d4 cxd4 72. Rxd4 Re2 73. Rc4+
Kb5 74. Rc7 Ra2 75. Rb7+ Kc6 76. e5 Re2 77. e6 Kc5 78. e7 Re6 79. Kb8 1-0

[Event "London Classic Open 2015"]
[Site "London ENG"]
[Date "2015.12.09"]
[Round "7.36"]
[White "Marzano, Carlo"]
[Black "Kiik, Kalle"]
[Result "1/2-1/2"]
[BlackTitle "IM"]
[WhiteElo "2177"]
[BlackElo "2382"]
[WhiteFideId "802980"]
[BlackFideId "4500075"]
[EventDate "2015.12.04"]

1. d4 Nf6 2. c3 b6 3. Bf4 Bb7 4. e3 g6 5. h3 Bg7 6. Nf3 O-O 7. Nbd2 d6 8. Be2
Nbd7 9. O-O Re8 10. Bh2 e5 11. a4 e4 12. Ne1 a6 13. a5 b5 14. c4 bxc4 15. Bxc4
Qe7 16. Nc2 h6 17. Qe2 c5 18. Ba2 d5 19. dxc5 Nxc5 20. Nd4 Nfd7 21. Nb1 Ne5 22.
Nc3 Rad8 23. Bb3 Ned3 24. Ba4 Rf8 25. Qd2 Ne6 26. Nce2 Kh7 27. Rab1 Qg5 28. b4
Nxd4 29. Nxd4 Bxd4 30. f4 Qf6 31. exd4 Qxd4+ 32. Kh1 e3 33. Qd1 Qe4 34. Bc2 e2
35. Qxd3 exf1=Q+ 36. Rxf1 Rfe8 37. f5 Qxd3 38. Bxd3 Rd7 39. b5 Re3 40. fxg6+
fxg6 41. bxa6 Bc6 42. Rf6 Ba8 43. Rf8 Bc6 44. Rc8 Rxd3 45. Be5 g5 46. Rxc6 d4
47. Rc7 Rxc7 48. Bxc7 Rxh3+ 49. gxh3 d3 50. a7 d2 51. a8=Q d1=Q+ 52. Kh2 Qc2+
53. Qg2 Qxc7+ 54. Qg3 Qxa5 55. Qd3+ Kg7 56. Qd7+ Kf6 57. Qd6+ Kf5 58. Qd3+ Kf4
59. Qd4+ Kf3 60. Qd3+ Kf2 61. Qd4+ Ke2 62. Qe4+ Kd2 63. Qg2+ Ke3 64. Qg3+ Kd2
65. Qf2+ Kc1 66. Qf1+ Kc2 67. Qc4+ Kd1 68. Qb3+ Kc1 69. Qc4+ Kd1 70. Qb3+ Kd2
71. Qb2+ Ke3 72. Qb3+ Ke2 73. Qc4+ Kd2 74. Qd4+ Kc2 75. Qe4+ Kc1 76. Qc4+ Kb1
77. Qb3+ Kc1 78. Qc4+ Kd2 79. Qd4+ Kc2 80. Qe4+ Kc1 81. Qc4+ 1/2-1/2

[Event "London Classic Open 2015"]
[Site "London ENG"]
[Date "2015.12.09"]
[Round "7.37"]
[White "Gulamali, Kazim"]
[Black "Wecker, Martin"]
[Result "1-0"]
[WhiteTitle "FM"]
[WhiteElo "2379"]
[BlackElo "2161"]
[WhiteFideId "2024764"]
[BlackFideId "12931462"]
[EventDate "2015.12.04"]

1. e4 d5 2. exd5 Qxd5 3. Nc3 Qd6 4. d4 Nf6 5. Nf3 a6 6. g3 Bg4 7. h3 Bh5 8. Bg2
Nc6 9. d5 Nb4 10. O-O Nbxd5 11. Nxd5 Nxd5 12. c4 Nf6 13. Qa4+ Qd7 14. Qb3 Bxf3
15. Qxf3 c6 16. Rd1 Qc8 17. Bg5 h6 18. Bxf6 gxf6 19. Rd6 exd6 20. Re1+ Kd7 21.
Qxf6 Kc7 22. Qxh8 Qd7 23. Re3 Re8 24. Rf3 Qe7 25. Qh7 f6 26. Qg6 Qe1+ 27. Kh2
Re6 28. b4 Be7 29. b5 Qe4 30. b6+ Kd7 31. Qg8 Bd8 32. Rxf6 Qe5 33. Bxc6+ bxc6
34. Rf7+ Re7 35. b7 d5 36. Rf8 Bc7 37. cxd5 cxd5 38. b8=Q Bxb8 39. Rxb8 Re8 40.
Rxe8 Qxe8 41. Qxd5+ Kc7 42. Qc4+ Kb7 43. Qb3+ Kc7 44. Qc3+ Kb8 45. Qb4+ Ka7 46.
Qc5+ Kb7 47. g4 Qe4 48. Kg3 Qd3+ 49. Qe3 Qd6+ 50. Qf4 Qe6 51. Qf3+ Kc7 52. Qc3+
Kd8 53. a3 Kd7 54. f4 Kd8 55. Qd4+ Kc8 56. Kh4 Qe7+ 57. g5 hxg5+ 58. fxg5 Qxa3
59. g6 Qf8 60. Kg5 a5 61. g7 Qf7 62. Qf6 1-0

[Event "London Classic Open 2015"]
[Site "London ENG"]
[Date "2015.12.09"]
[Round "7.38"]
[White "Lokander, Martin"]
[Black "Williamson, Roger G"]
[Result "1/2-1/2"]
[WhiteTitle "FM"]
[WhiteElo "2367"]
[BlackElo "2172"]
[WhiteFideId "1709569"]
[BlackFideId "414620"]
[EventDate "2015.12.04"]

1. f4 Nf6 2. Nf3 g6 3. c4 Bg7 4. Nc3 d6 5. e4 O-O 6. d4 c5 7. d5 e6 8. dxe6 fxe6
9. Bd3 Nc6 10. O-O Nd4 11. Nxd4 cxd4 12. Nb5 e5 13. fxe5 dxe5 14. c5 Be6 15. Bg5
Qd7 16. Bxf6 Bxf6 17. Qc2 a5 18. Bc4 Bxc4 19. Qxc4+ Kg7 20. Nd6 b6 21. b3 1/2-1/2

[Event "London Classic Open 2015"]
[Site "London ENG"]
[Date "2015.12.09"]
[Round "7.39"]
[White "Haribalu, V."]
[Black "Papp, Petra"]
[Result "1/2-1/2"]
[BlackTitle "WGM"]
[WhiteElo "2174"]
[BlackElo "2336"]
[WhiteFideId "5015189"]
[BlackFideId "739049"]
[EventDate "2015.12.04"]

1. d4 d5 2. Bg5 f6 3. Bh4 Nh6 4. f3 c5 5. e3 Nc6 6. c3 e5 7. dxe5 Nxe5 8. Nd2
Be6 9. Qa4+ Bd7 10. Qc2 Bd6 11. e4 d4 12. Nc4 Nxc4 13. Bxc4 dxc3 14. bxc3 Qe7
15. Rb1 b6 16. Bd5 Rd8 17. Ne2 Bb8 18. O-O Be6 19. Qa4+ Kf7 20. Bxe6+ Qxe6 21.
Bg3 Qd7 22. Qc4+ Qe6 23. Qa4 Qd7 24. Qb3+ Qe6 25. Qa4 1/2-1/2

[Event "London Classic Open 2015"]
[Site "London ENG"]
[Date "2015.12.09"]
[Round "7.40"]
[White "Player, Edmund C"]
[Black "Richardson, John R"]
[Result "1/2-1/2"]
[BlackTitle "FM"]
[WhiteElo "2183"]
[BlackElo "2302"]
[WhiteFideId "406520"]
[BlackFideId "401617"]
[EventDate "2015.12.04"]

1. e4 c6 2. d4 d5 3. Nc3 dxe4 4. Nxe4 Bf5 5. Ng3 Bg6 6. h4 h6 7. h5 Bh7 8. Nf3
Nd7 9. Bd3 Bxd3 10. Qxd3 e6 11. Bd2 Ngf6 12. O-O-O Be7 13. Kb1 O-O 14. Ne4 Nxe4
15. Qxe4 Nf6 16. Qd3 Qd5 17. Ne5 Rad8 18. Be3 b5 19. Qe2 Nd7 20. Bc1 Nxe5 21.
dxe5 Qc5 22. f4 Rd5 23. g4 Rfd8 24. Rde1 Qc4 25. Qxc4 bxc4 26. c3 Rd3 27. Re4
Rg3 28. Rxc4 c5 29. f5 Rd5 30. fxe6 fxe6 31. Re1 Bh4 32. Re2 Rf3 33. Kc2 Bg3 34.
Rce4 Kh7 35. Bd2 g6 36. Ra4 Rf7 37. Rae4 gxh5 38. gxh5 Rf5 39. Ra4 Rd7 40. Rg2
Bxe5 41. Ra6 Rxh5 42. Rxe6 Bg7 43. Be3 Rc7 44. Bf4 Rf7 45. Be3 Rc7 46. Bf4 Rf7
47. Be3 1/2-1/2

[Event "London Classic Open 2015"]
[Site "London ENG"]
[Date "2015.12.09"]
[Round "7.41"]
[White "Stachanczyk, Jacek"]
[Black "Stamos, Filippos"]
[Result "1-0"]
[WhiteTitle "IM"]
[WhiteElo "2258"]
[BlackElo "2164"]
[WhiteFideId "1116657"]
[BlackFideId "4242807"]
[EventDate "2015.12.04"]

1. e4 c5 2. Nf3 Nc6 3. d4 cxd4 4. Nxd4 Nf6 5. Nc3 d6 6. Bg5 e6 7. Qd2 a6 8.
O-O-O Bd7 9. f4 h6 10. Bh4 Nxe4 11. Qe1 Nf6 12. Nf5 Qa5 13. Nxd6+ Bxd6 14. Rxd6
Qc7 15. Rd2 O-O-O 16. Bxf6 gxf6 17. Qh4 f5 18. Be2 Be8 19. Rhd1 Rxd2 20. Rxd2
Qe7 21. Qf2 Bd7 22. Na4 Rd8 23. c3 Be8 24. Rxd8+ Qxd8 25. Nb6+ Kb8 26. g3 Ne7
27. Qe3 Bc6 28. Bh5 Ng6 29. b3 Be4 30. Kb2 Qc7 31. Qd4 e5 32. fxe5 Nxe5 33. Qxe5 1-0

[Event "London Classic Open 2015"]
[Site "London ENG"]
[Date "2015.12.09"]
[Round "7.42"]
[White "Krokay, Urszula"]
[Black "Cordes, Hans-Joerg"]
[Result "0-1"]
[BlackTitle "FM"]
[WhiteElo "2009"]
[BlackElo "2250"]
[WhiteFideId "1125508"]
[BlackFideId "4602234"]
[EventDate "2015.12.04"]

1. e4 e6 2. d4 d5 3. Nd2 Be7 4. Ngf3 Nf6 5. e5 Nfd7 6. Bd3 c5 7. c3 Nc6 8. O-O
g5 9. dxc5 Nxc5 10. Bb5 Nd7 11. Qe2 Qc7 12. Re1 a6 13. Bxc6 bxc6 14. Nf1 h6 15.
h3 a5 16. b3 Ba6 17. Qc2 c5 18. c4 d4 19. Bb2 Bb7 20. N1d2 h5 21. g4 hxg4 22.
hxg4 Nxe5 23. Rxe5 Qxe5 24. Re1 0-1

[Event "London Classic Open 2015"]
[Site "London ENG"]
[Date "2015.12.09"]
[Round "7.43"]
[White "Prosviriakov, Vladimir"]
[Black "Willmoth, Robert F"]
[Result "1/2-1/2"]
[WhiteTitle "IM"]
[BlackTitle "CM"]
[WhiteElo "2232"]
[BlackElo "2150"]
[WhiteFideId "2004860"]
[BlackFideId "402540"]
[EventDate "2015.12.04"]

1. c4 d6 2. g3 e5 3. Bg2 f5 4. d4 Be7 5. Nc3 Nf6 6. Bg5 exd4 7. Qxd4 Nc6 8. Qd2
O-O 9. Bxf6 Bxf6 10. e3 Be6 11. b3 a5 12. Nge2 g6 13. O-O a4 14. Nf4 Bf7 15.
Rab1 axb3 16. axb3 Ne5 17. Rfd1 Bg7 18. Nfd5 c6 19. Nf4 Qa5 20. Nce2 Qb6 21. Nd4
Rfe8 22. h3 Rad8 23. Qc2 Nd7 24. b4 Qc7 25. b5 Ne5 26. bxc6 bxc6 27. c5 d5 28.
Rb6 Ra8 29. Rdb1 Ra7 30. Nfe2 Bf8 31. Nc1 Qd7 32. R1b3 Rc8 33. Bf1 Nc4 34. Nd3
Ra5 35. Rb7 Qe8 36. Qc3 Bxc5 37. Nxc5 Rxc5 38. Qb4 Ra5 39. Bxc4 dxc4 40. Qxa5
cxb3 41. Nxb3 Rb8 42. Rxb8 Qxb8 43. Nd2 Bd5 44. Kf1 Kf7 45. f4 Qb7 46. Qc3 Qe7
47. Ke2 Ke8 48. Kf2 c5 49. Ke2 Kd7 50. Nc4 Bxc4+ 51. Qxc4 h5 52. Qb5+ Ke6 53.
Qc6+ Qd6 54. Qe8+ Kd5 55. Qg8+ Qe6 56. Qa8+ Kd6 57. Qa6+ 1/2-1/2

[Event "London Classic Open 2015"]
[Site "London ENG"]
[Date "2015.12.09"]
[Round "7.44"]
[White "Ilfeld, Etan"]
[Black "Compton, Alistair"]
[Result "1-0"]
[WhiteElo "2199"]
[BlackElo "2061"]
[WhiteFideId "2803470"]
[BlackFideId "4300645"]
[EventDate "2015.12.04"]

1. e4 e6 2. d4 d5 3. e5 c5 4. c3 Qb6 5. Nf3 Nc6 6. a3 Nh6 7. b4 cxd4 8. Bxh6
gxh6 9. cxd4 a5 10. b5 Ne7 11. Bd3 Ng6 12. Qd2 Qd8 13. O-O Nh4 14. Nxh4 Qxh4 15.
f4 f5 16. Nc3 b6 17. Rf3 Rg8 18. Kh1 Qh5 19. Be2 Qf7 20. Na4 Qb7 21. Rc1 Bd7 22.
Rfc3 Be7 23. Rc7 Qb8 24. Qd3 Ra7 25. R7c3 Kf8 26. g4 Rg7 27. gxf5 exf5 28. Qh3
Rg6 29. Bh5 Rg7 30. Bf3 Bb4 31. axb4 axb4 32. Re3 Rxa4 33. Bxd5 Qc7 34. Ree1 Qd8
35. Qxh6 Bxb5 36. Qf6+ Ke8 37. Bf3 Rg6 38. Qh8+ 1-0

[Event "London Classic Open 2015"]
[Site "London ENG"]
[Date "2015.12.09"]
[Round "7.45"]
[White "Giannatos, Peter"]
[Black "Radovanovic, Jovica"]
[Result "1/2-1/2"]
[BlackTitle "FM"]
[WhiteElo "2149"]
[BlackElo "2321"]
[WhiteFideId "2041650"]
[BlackFideId "915912"]
[EventDate "2015.12.04"]

1. d4 Nf6 2. c4 e6 3. g3 d5 4. Bg2 g6 5. Nf3 Bg7 6. O-O O-O 7. Nc3 Nc6 8. b3 Ne4
9. Bb2 Nxc3 10. Bxc3 b6 11. Qc2 Bb7 12. Rad1 Qe7 13. Qb2 Rfd8 14. Rfe1 Rd7 15.
e4 dxe4 16. Rxe4 Rad8 17. Rde1 Qf8 18. Rf4 Bh6 19. Rf6 Re8 20. h4 Bg7 21. Rf4 h6
22. a3 Kh7 23. b4 f5 24. b5 Nd8 25. Ne5 Bxe5 26. Rxe5 g5 27. hxg5 hxg5 28. Rf3
Nf7 29. Re1 Nd6 30. Qe2 Bxf3 31. Bxf3 g4 32. Bc6 Rde7 33. Kg2 Kg6 34. Bxe8+ Rxe8
35. Bb4 Qf6 36. Bxd6 cxd6 37. Qe3 Qg5 38. Qd3 Qf6 39. Qe3 Qg5 40. Qd3 Qf6 41.
Qe3 1/2-1/2

[Event "London Classic Open 2015"]
[Site "London ENG"]
[Date "2015.12.09"]
[Round "7.46"]
[White "Liu, Yi"]
[Black "Heuser, Philip"]
[Result "1-0"]
[WhiteTitle "FM"]
[WhiteElo "2306"]
[BlackElo "2119"]
[WhiteFideId "3210588"]
[BlackFideId "4654358"]
[EventDate "2015.12.04"]

1. d4 d5 2. Nf3 Nf6 3. g3 c6 4. Bg2 Bg4 5. O-O e6 6. c4 Bd6 7. Qb3 Qb6 8. h3
Bxf3 9. Bxf3 Nbd7 10. Nc3 O-O 11. e4 dxe4 12. Nxe4 Nxe4 13. Bxe4 Qxd4 14. Bg2
Nc5 15. Qc2 Be7 16. Rd1 Qf6 17. Be3 Rfd8 18. b4 Na6 19. a3 Bf8 20. b5 cxb5 21.
Bxb7 Rxd1+ 22. Rxd1 Rd8 23. Bxa6 Rxd1+ 24. Qxd1 bxc4 25. Bxc4 Bxa3 26. Bxa7 Qe7
27. Be3 h6 28. Qg4 Qf6 29. h4 Bd6 30. Bd3 Qa1+ 31. Kh2 Qf6 32. h5 Be5 33. Qe4
Bd6 34. Qa8+ Bf8 35. Bc5 1-0

[Event "London Classic Open 2015"]
[Site "London ENG"]
[Date "2015.12.09"]
[Round "7.48"]
[White "Abrahams, Daniel"]
[Black "Merriman, John"]
[Result "0-1"]
[WhiteElo "2111"]
[BlackElo "2253"]
[WhiteFideId "2606879"]
[BlackFideId "402362"]
[EventDate "2015.12.04"]

1. e4 e6 2. Qe2 c5 3. Nf3 Nc6 4. g3 g6 5. Bg2 Bg7 6. O-O Nge7 7. c3 d5 8. d3 b6
9. a4 d4 10. cxd4 cxd4 11. Na3 O-O 12. Bd2 a5 13. Rfc1 e5 14. Nc4 Rb8 15. Ne1
Be6 16. Na3 Qd7 17. Nb5 Nc8 18. Nc2 N8a7 19. b4 Rfc8 20. bxa5 Nxb5 21. axb5 Nxa5
22. Bxa5 bxa5 23. Rxa5 Rxb5 24. Rxb5 Qxb5 25. Rf1 Qb7 0-1